| 000 | 00827cam a2200253 i 4500 | ||
|---|---|---|---|
| 001 | 1303597 | ||
| 003 | GBCCL | ||
| 005 | 20241126110402.0 | ||
| 008 | 790329s1978 nyua b 000 0 eng | ||
| 010 | _a 77014794 | ||
| 020 |
_a0809102315. _a0809120593 _c$3.95 |
||
| 040 |
_aDLC _cDLC _dDLC |
||
| 050 | 0 | 0 |
_aBT732.5 _b.L527 |
| 082 | 0 | 0 |
_a248.86 _bLIN |
| 100 | 1 |
_aLinn, Matthew. _93006 |
|
| 245 | 1 | 0 |
_aHealing life's hurts : _bhealing memories through five stages of forgiveness / _cby Matthew Linn and Dennis Linn. |
| 260 |
_aNew York : _bPaulist Press, _cc1978. |
||
| 300 |
_aix, 249 p. : _bill. ; _c21 cm. |
||
| 504 | _aIncludes bibliographical references. | ||
| 650 | 0 |
_aSpiritual healing. _9399 |
|
| 700 | 1 |
_aLinn, Dennis, _ejoint author. _93007 |
|
| 906 |
_a7 _bcbc _corignew _d2 _eocip _f19 _gy-gencatlg |
||
| 942 |
_2ddc _cBK _01 |
||
| 999 |
_c1498 _d1498 |
||